zpět

Detail výsledku týmu

Barcelounoc - Vinohrady, Praha

Datum a čas kvízu

26.5 Celkem bodů Celkový počet nahraných bodů na tomto kvízu bez doplňovacích otázek.
5. Pořadí na kvízu Konečné umístění týmu na tomto kvízu.

Zaznamenané odpovědi

# Otázka Odpověď Body Výsledky
1. Někdejší předseda Nejvyššího s... 1
2. Bývalý ukrajinský prezident by... 1
3. Jak bylo oznámeno minulý týden... 0
4. Pouze dva obžalovaní stanuli v... 0
5. Jak se jmenuje česká biatlonis... 1
21. Nejdelší had na světě chovaný... 1
22. Přiřaďte k sobě rodová a druho... 0
23. Od želv se můžeme dostat ke Ga... 0
24. Jak se nazývá tento živočich?... 0
25. Napište jméno herce s tureckým... 0